| 000 | 00550nam a22002057a 4500 | ||
|---|---|---|---|
| 003 | UA-OsUOA | ||
| 001 | 38915 | ||
| 007 | ta | ||
| 008 | 20080229b un ||||| |||| 00| 0 ukr d | ||
| 090 | _a017 | ||
| 942 | _cMG | ||
| 040 |
_aUA-OsUOA _beng _cUA-OsUOA _dUA-OsUOA |
||
| 245 |
_aUkrainian philatelist index 1951 - 1996 _cComplied be Ingert Kuzych |
||
| 955 | _a1 | ||
| 041 | _aeng | ||
| 080 | _a017 | ||
| 310 | _aVol. 44, No 3/4(77/78) 1996 | ||
| 650 | 7 |
_a01 Бібліографія і бібліографії. Каталоги _2UDC |
|
| 999 |
_c437426 _d437426 |
||